Znani trenerzy - Statystyki

Ogólne statystyki
  • Ten quiz został rozwiązany 136 razy
  • Średni wynik to 4 z 6
Statystyki odpowiedzi
opisy odpowiedzi % Poprawnych
Łysy trener jednego z największych hiszpańskich klubów zdobywał z klubem tym nie raz podnosił puchary na szczeblu kraiowym i między narodowym. Posiada kartę ikony w grze FIFA20. Zinedine Zidane
92%
Hiszpański trener znany z prowadzenia Hiszpańskiego , Niemieckiego oraz (obecnego) Angielskiego klubu z którym ma problemy w zdobyciu trofeów na scenie międzynarodowej. Pep Guardiola
91%
Wieloletni trener jednego z Angielskich klubów zdobywał z nim wiele mistrzostw. Klub ten stał się po części tak zanany jak teraz dzięki temu człowiekowi. Alex Ferguson
75%
Wieloletni trener jednego z największych hiszpańskich klubów grał tam też jako zawodnik w sezonie 94/97 i 03/04 .Jako trener zdobywał z nim dwukrotnie ligę europy w sezonie 11/12 i 17/18. Diego Simeone
67%
W świecie piłki nożnej berdziej rozpoznawalny stał się dzięki klubowi z Włoch. Ale zmienił ten klub na angielską drużynę poczym wrócił do jednego z włoskich gigantów. Rozpoznawalny również z swojego nietypowego podejścia do papierosów (jak na osobę ściśle związaną ze sportem) Maurizio Sarri
66%
Włoski trener urodzony w Livorno. Rozpoznawalny z prowadzenia jednego z największych włoskich klubów. Trenowanie rozpoczął w 2004 roku, w klubie, w którym spędził ostatnie dwa lata swojej kariery – Aglianese Calcio. (Obecnie nie trenuje żadnego zespołu) Massimiliano Allegri
47%
Nie znaleziono quizów pasujących do podanych kryteriów
Rozkład punktacji
Procent ludzi z każdym wynikiem
Percentyl według liczby udzielonych odpowiedzi
Twoja historia wyników
Nie rozwiązałeś tego quizu